| 000 | 00779nam a2200265Ia 4500 | ||
|---|---|---|---|
| 005 | 20260302115358.0 | ||
| 008 | 008 260114s9999 xx 000 0 eng d | ||
| 020 | _a9798216959588 | ||
| 037 | _aTextbook | ||
| 040 | _aCRL | ||
| 040 | _beng | ||
| 040 | _cCRL | ||
| 041 | _2eng | ||
| 041 | _aeng | ||
| 084 | _qCRL | ||
| 100 |
_aNicolás Kanellos _91121036 |
||
| 245 | 0 | _aBiographical Dictionary of Hispanic Literature in the United States The Literature of Puerto Ricans, Cuban Americans, and Other Hispanic Writers | |
| 260 | _bBloomsbury | ||
| 260 | _bGreenwood | ||
| 260 | _c1989 | ||
| 650 | _aLiterary Studies | ||
| 856 | _uhttps://doi.org/10.5040/9798216959588?locatt=label:secondary_bloomsburyCollections | ||
| 942 | _cEBOOK | ||
| 999 |
_c1686002 _d1686002 |
||